Ελληνικά ιδανικά και σύγχρονη ζωή

Αποθηκεύτηκε σε:
Λεπτομέρειες βιβλιογραφικής εγγραφής
Κύριος συγγραφέας: Livingstone, R. W. (Richard Winn), 1880-1960
Άλλοι συγγραφείς: Χόνδρος, Δημήτριος (Μεταφραστής)
Μορφή: Βιβλίο
Γλώσσα:Greek
English
Δημοσίευση: [Αθήναι : Αποστολική Διακονία της Εκκλησίας της Ελλάδος, 1950]
Σειρά:Βιβλιοθήκη Αποστολικής Διακονίας ; 29
Θέματα:
Ετικέτες: Προσθήκη ετικέτας
Δεν υπάρχουν, Καταχωρήστε ετικέτα πρώτοι!

MARC

LEADER 00000cam a2200000 i 4500
001 1/28794
008 060505s1950 gr | ||| |||| ||gre||
035 |l 10083742 
040 |a GR-MyUa   |b gre   |e AACR2  
041 1 |a gre  |h eng 
082 7 |a 230.01   |2 (22)  
100 1 |a Livingstone, R. W.   |q (Richard Winn),   |d 1880-1960. 
245 1 0 |a Ελληνικά ιδανικά και σύγχρονη ζωή /   |c Richard W. Livingstone ; μετάφρασις: Δ. Χόνδρου.  
260 |a [Αθήναι :   |b Αποστολική Διακονία της Εκκλησίας της Ελλάδος,   |c 1950]  
300 |a 115 σ. ;   |c 24 εκ.  
490 1 |a (Βιβλιοθήκη Αποστολικής Διακονίας ;   |v 29)  
500 |a Με: Χριστιανικά και φιλοσοφικά μελετήματα / Ι. Ν. Θεοδωρακοπούλου. - Προσωκρατικοί φιλόσοφοι / Ευάγγελου Σ. Σταμάτη. - Μαθήματα φιλοσοφίας / Αντ. Μ. Ισηγόνη. - Η τελολογική κατ' Αριστοτέλη εκδοχή του ψυχικού βίου / Αντ. Μ. Ισηγόνη. - Το δικαίωμα του ανθρώπου επί της γνώσεως και η πνευματική και πολιτική ελευθερία / υπό Αγαπητού Γ. Τσοπανάκη.  
500 |a Τίτλος πρωτοτύπου: Greek ideals and modern life.  
650 0 |a Civilization, Modern. 
650 0 |a Hellenism. 
650 0 |a Philosophy, Ancient. 
650 0 |a Humanism. 
651 0 |a Greece  |x Civilization  |y To 146 B.C. 
700 1 |a Χόνδρος, Δημήτριος,  |e trl 
830 0 |a Βιβλιοθήκη Αποστολικής Διακονίας ;  |v 29 
852 |a INST  |b RHODES  |c KRI  |e 20060505  |h  230.01 ΘΕΟ  |p 005400020907  |q 005400020907  |t BK  |y 0 
901 |a BIBL4-2006-2 
970 |a Κόζα   |b Μαρία   |z 2006/05/05